| 000 | 01405nam a2200277Ia 4500 | ||
|---|---|---|---|
| 999 |
_c54899 _d54899 |
||
| 001 | 21968 | ||
| 003 | GE_BSU | ||
| 005 | 20220920112046.0 | ||
| 008 | 181216s2008||||ge |||||||||||||| ||geo|| | ||
| 020 | _a9789941122323 | ||
| 040 | _cGE_BSU | ||
| 041 | _ageo | ||
| 080 | _a821.353.1.09 კ-45 | ||
| 100 |
_aკვერენჩხილაძე, რევაზ _911513 |
||
| 245 |
_aXX საუკუნის საქართველოს ლიტერატურული ცხოვრება : (მთავარ მოვლენათა ქრონიკა) / _cრევაზ კვერენჩხილაძე ; რედ. ლალი ავალიანი. |
||
| 264 |
_aთბილისი : _bუნივერსალი, _c2008. |
||
| 300 |
_a418 გვ. : _bფოტ. ; _c20 სმ. |
||
| 501 | _aდამატება გვ. : 358-392 | ||
| 501 | _aპირთა საძიებელი გვ. : 393-415 | ||
| 541 | _h20ლ. | ||
| 653 | _aXX საუკუნის საქართველოს ლიტერატურული ცხოვრება | ||
| 653 | _aქართული ლიტერატურა | ||
| 653 | _aქართული ლიტერატურის ისტორია | ||
| 700 |
_aავალიანი, ლალი _eრედაქტორი _914637 |
||
| 942 |
_cBK _2udc |
||